Szczegóły MARC21

François Mauriac. 2, Un citoyen du siècle 1933-1970 /

003 -Nazwa inst., której nr kontr. jest w polu 001 [,]
    • @
    • Nazwa instytucji, której n kontrolny jest w polu 001
    • NUKAT
005 -DATA I CZAS OSTATNIEJ MODYFIKACJI [,]
    • @
    • pole kontrolne
    • 20241231111616.0
020 -Międzynarod. znormalizowany nr książki - ISBN [ , ]
    • a
    • Numer ISBN
    • 2020114828 Find
    • q
    • Dopowiedzenie
    • tome 2
020 -Międzynarod. znormalizowany nr książki - ISBN [ , ]
    • a
    • Numer ISBN
    • 2020114836 Find
    • q
    • Dopowiedzenie
    • éd. complète
020 -Międzynarod. znormalizowany nr książki - ISBN [ , ]
    • z
    • Błędny ISBN (P)
    • 202005171 Find
    • q
    • Dopowiedzenie
    • 1re publ.
040 -Instytucja sporządzająca opis [ , ]
    • a
    • Instytucja, która sporządziła opis (NP)
    • KAT U/42AF
    • c
    • Instytucja, która sporządziła rekord (NP)
    • KAT U/42AFs
    • d
    • Instytucja, która zmodyfikowała rekord (P)
    • KAT U/42AK
942 -Rodzaj dokumentu [ , ]
    • c
    • Rodzaj dokumentu
    • Książka
100 -Hasło główne - nazwa osobowa [1, ]
    • a
    • Nazwa osobowa (NP)
    • Lacouture, Jean
    • d
    • Daty biograficzne (NP)
    • (1921-2015).
    • 9
    • KHW
    • 241942
245 -Strefa tytułu i oznaczenia odpowiedzialności [1,0]
    • a
    • Tytuł
    • François Mauriac. Find
    • n
    • Oznaczenie części (P)
    • 2,
    • p
    • Nazwa części (P)
    • Un citoyen du siècle 1933-1970 /
    • c
    • Pozostałe elementy strefy tytułu i oznaczenia odpowiedzialności (NP)
    • Jean Lacouture.
260 -Strefa adresu wydawniczego [ , ]
    • a
    • Miejsce wydania (P)
    • Paris :
    • b
    • Nazwa wydawcy (P)
    • Éditions du Seuil,
    • c
    • Data wydania (P)
    • dr. 1990.
300 -Strefa opisu fizycznego [ , ]
    • a
    • Określenie formy książki i/lub objętość (NP)
    • 512, [2] s. ;
    • c
    • Format (NP)
    • 18 cm.
336 -Typ zawartości [ , ]
    • a
    • Termin opisujący typ zawartości
    • Tekst
    • b
    • Kod określający zawartość
    • txt
    • 2
    • Źródło (terminu i kodu)
    • rdacontent
337 -Typ mediów [ , ]
    • a
    • Tryb odtwarzania
    • Bez urządzenia pośredniczącego
    • b
    • Kod typu mediów
    • n
    • 2
    • Źródło (terminu i kodu)
    • rdamedia
338 -Typ/rodzaj nośnika [ , ]
    • a
    • Hasło opisujące typ nośnika
    • Wolumin
    • b
    • Kod typu nośnika
    • nc
    • 2
    • Źródło (terminu i kodu)
    • rdacarrier
490 -Strefa serii i książki wielotomowej - forma nie do wyszukiwania [1, ]
    • a
    • Tytuł (P)
    • Points ; Find
    • v
    • Numeracja (P)
    • 207
830 -Hasło dodatkowe serii i opisu książki wielotomowej - tytuł ujednolicony/tytuł [ ,0]
    • a
    • Tytuł ujednolicony/tytuł (NP)
    • Points
    • x
    • ISSN
    • 0768-0481
    • v
    • Oznaczenie tomu (NP)
    • 207
    • 9
    • KHW
    • 24421
500 -Uwaga ogólna [ , ]
    • a
    • Uwaga ogólna (NP)
    • Data w cop. 1980.
504 -Uwaga dot. bibliogr. załącznikowej [ , ]
    • a
    • Uwaga dot. bibliografii załącznikowej
    • Bibliogr. s. 498-504. Indeks.
080 -Uniwersalna Klasyfikacja Dziesiętna [ , ]
    • 2
    • Identyfikator wydania tablic
    • UDC - P058
    • a
    • Symbol klasyfikacji
    • 821.133.1(091)
    • b
    • Dopowiedzenie
    • Literatura francuska (historia).
    • x
    • Poddział wspólny
    • =133.1
    • b
    • Dopowiedzenie
    • =Język francuski.
080 -Uniwersalna Klasyfikacja Dziesiętna [ , ]
    • 2
    • Identyfikator wydania tablic
    • UDC - P058
    • a
    • Symbol klasyfikacji
    • 929-052A/Z
    • b
    • Dopowiedzenie
    • Biografie indywidualne.
    • x
    • Poddział wspólny
    • =133.1
    • b
    • Dopowiedzenie
    • =Język francuski.
600 -Hasło przedmiotowe w formie nazwy osobowej [1,7]
    • a
    • Nazwa osobowa
    • Mauriac, François
    • d
    • Daty związane z nazwą
    • (1885-1970)
    • v
    • Określnik formalny
    • biografie.
    • 2
    • Źródło terminu
    • kaba
    • 9
    • KHW
    • 522722
980 -Symbol UKD [ , ]
    • a
    • UKD
    • 821.133.1(091):929-052Mauriac F.]=133.1
710 -Hasło dodatkowe - nazwa ciała zbiorowego [2, ]
    • a
    • Nazwa ciała zbiorowego lub nazwa geograficzna jako pierwszy element (NP)
    • Éditions du Seuil.
    • 4
    • Kod relacji
    • pbl
    • 9
    • KHW
    • 55802
920 -ISBN [ , ]
    • a
    • ISBN
    • 2-02-011482-8 Find
    • q
    • Dopowiedzenie
    • tome 2
920 -ISBN [ , ]
    • a
    • ISBN
    • 2-02-011483-6 Find
    • q
    • Dopowiedzenie
    • éd. complète
920 -ISBN [ , ]
    • z
    • Błędny ISBN
    • 2-02-005171 Find
    • q
    • Dopowiedzenie
    • 1re publ.
Numer inwentarzowy Status udost. Lokalizacja Data inwentaryzacji Sygnatura
A.81951BM2008-11-07FR. Lit. franc. XX-XXI w. 13